BSOP header

Good news for everyone : (Record no. 55108)

MARC details
000 -LEADER
fixed length control field 00748cam a2200229 i 4500
001 - CONTROL NUMBER
control field 4599431
005 - DATE AND TIME OF LATEST TRANSACTION
control field 20260108150536.0
008 - FIXED-LENGTH DATA ELEMENTS--GENERAL INFORMATION
fixed length control field 770812s1977 txua 000 0 eng
010 ## - LIBRARY OF CONGRESS CONTROL NUMBER
LC control number 76048552
020 ## - INTERNATIONAL STANDARD BOOK NUMBER
International Standard Book Number 0876807929 :
Terms of availability $3.25
035 ## - SYSTEM CONTROL NUMBER
System control number 4599431
040 ## - CATALOGING SOURCE
Original cataloging agency DLC
Transcribing agency DLC
Modifying agency DLC
100 1# - MAIN ENTRY--PERSONAL NAME
Personal name Nida, Eugene A.
Fuller form of name (Eugene Albert),
Dates associated with a name 1914-2011.
245 10 - TITLE STATEMENT
Title Good news for everyone :
Remainder of title how to use the Good news Bible (Today's English version) /
Statement of responsibility, etc Eugene A. Nida.
260 ## - PUBLICATION, DISTRIBUTION, ETC. (IMPRINT)
Place of publication, distribution, etc Waco, Tex. :
Name of publisher, distributor, etc Word Books,
Date of publication, distribution, etc c1977.
300 ## - PHYSICAL DESCRIPTION
Extent 119 p. :
Other physical details ill. ;
Dimensions 22 cm.
336 ## - CONTENT TYPE
Content Type Term text
Content Type Code txt
Source rdacontent
337 ## - MEDIA TYPE
Media Type Term unmediated
Media Type Code n
Source rdamedia
338 ## - CARRIER TYPE
Carrier Type Term volume
Carrier Type Code nc
Source rdacarrier
630 00 - SUBJECT ADDED ENTRY--UNIFORM TITLE
Uniform title Bible.
Language of a work English
General subdivision Versions
-- Today's English.
942 ## - ADDED ENTRY ELEMENTS (KOHA)
Source of classification or shelving scheme Library of Congress Classification
Item type Books
Holdings
Withdrawn status Lost status Source of classification or shelving scheme Damaged status Not for loan Home library Current library Shelving location Date acquired Inventory number Total Checkouts Full call number Barcode Date last seen Price effective from Koha item type
    Library of Congress Classification     BSOP Library BSOP Library GC 01/08/2026 50136   BS195.T6 N54 1977 00062807 01/08/2026 01/08/2026 Books
BSOP

Biblical Seminary of the Philippines
  All rights Reserved
  © 2024

CONTACT INFORMATION

Biblical Seminary of the Philippines,
  77-B Karuhatan Road, Valenzuela City,
  PHILIPPINES 1441
  Phone: +632 8292-6795 / 8292-6798
  Fax : +632 8292-6675
  Email: library@bsop.edu.ph